Důsledky finanční krize v Asii pro liberalizaci pohybu kapitálu

Liberalizácia pohybu kapitálu a skúsenosti ázijských ekonomík. Čistý prílev zahraničného kapitálu do novovznikajúcich trhových ekonomík. Kritika voľného pohybu kapitálu.

Enregistré dans:
Détails bibliographiques
Auteur principal: Jonáš, Jiří
Format: Chapitre de livre
Langue:tchèque
Sujets:
Tags: Ajouter un tag
Pas de tags, Soyez le premier à ajouter un tag!

MARC

LEADER 00000naa a2200000 4500
001 r034779
005 20231002105445.1
041 0 |a cze 
044 |a CZ 
245 1 0 |a Důsledky finanční krize v Asii pro liberalizaci pohybu kapitálu  |c Jiří Jonáš 
520 |a Liberalizácia pohybu kapitálu a skúsenosti ázijských ekonomík. Čistý prílev zahraničného kapitálu do novovznikajúcich trhových ekonomík. Kritika voľného pohybu kapitálu. 
610 2 0 |a pohyb kapitálu 
610 2 0 |a kríza finančná 
610 2 0 |a liberalizácia 
610 2 0 |a kapitál zahraničný 
610 2 0 |a hospodárstvo trhové 
610 2 0 |a Ázia 
100 1 |a Jonáš, Jiří